000 01032nam a2200301Ia 4500
003 CO-BoRNBP
005 20250605145400.0
007 ta
008 180109s9999 xx 000 0 und d
020 _a9788426143563
040 _aCO-BoRNBP
_bspa
_erda
_cCO-BoRNBP
041 _aspa
082 0 _a612.66 P23m
100 1 _aPeitx, Monica, 1970-
_959904
245 1 0 _aMía se hace mayor:
_bpara saber más sobre la pubertad de las niñas /
_cMonica Peitx ; ilustrado por Cristina Losantos.
250 _aPrimera edición
264 1 _aBarcelona :
_bEditorial Juventud;2016
300 _a[40] páginas :
_bilustraciones, fotografías en color ;
_c21 cm
336 _atexto
_btxt
_2rdacontent
337 _asin mediación
_bn
_2rdamedia
338 _avolumen
_bnc
_2rdacarrier
500 _aIncluye información biográfica de los autores.
650 0 4 _aPubertad
_2LEMB
_959905
650 0 0 _aSexualidad
_2LEMB
650 0 0 _aMujeres Adolescentes
_2LEMB
_928620
700 1 _aLosantos, Cristina, ilustradora
_959906
942 _2ddc
_cBK
999 _c57208
_d57208